[Event "SUI-ch U14"]
[Site "St Ursanne"]
[Date "2011.07.02"]
[Round "6"]
[White "Joeri, Benjamin"]
[Black "Welch, Fabian"]
[Result "0-1"]
[WhiteElo "1722"]
[BlackElo "1887"]
[PlyCount "110"]
[EventDate "2011.06.30"]
[EventType "swiss"]
[EventRounds "7"]
[EventCountry "SUI"]
[SourceTitle "EXT 2012"]
[Source "ChessBase"]
[SourceDate "2011.11.24"]
[SourceVersion "1"]
[SourceVersionDate "2011.11.24"]
[SourceQuality "1"]

1. e4 c5 2. Nf3 a6 3. d4 cxd4 4. Nxd4 Nf6 5. Nc3 e5 6. Nf3 Bb4 7. Bd2 Qc7 8. Bd3 0-0 9. 0-0 d6 10. h3 Nbd7 11. a3 Bc5 12. b4 Ba7 13. Nd5 Nxd5 14. exd5 Nf6 15. Qe2 e4 16. Bxe4 Re8 17. Ng5 Bf5 18. Rfe1 Bxe4 19. Nxe4 Nxe4 20. Be3 Bxe3 21. Qxe3 Nf6 22. Qd3 Re7 23. Rxe7 Qxe7 24. c4 Rc8 25. Rc1 Qe4 26. Qxe4 Nxe4 27. f3 Nf6 28. Kf2 Kf8 29. Ke3 Nxd5+ 30. Kd4 Nf4 31. Rc2 Ke7 32. h4 Kd7 33. g3 Ne6+ 34. Kd5 b5 35. c5 dxc5 36. bxc5 Kc7 37. f4 Rd8+ 38. Ke5 Rd3 39. f5 Nd4 40. Rg2 Nc6+ 41. Ke4 Rxa3 42. g4 Ra4+ 43. Ke3 Rc4 44. h5 Rxc5 45. Kf4 a5 46. Kg5 h6+ 47. Kf4 f6 48. Ke4 a4 49. Kd3 b4 50. Ra2 a3 51. Ke4 Kb6 52. Kd3 Kb5 53. g5 Rxf5 54. gxf6 gxf6 55. Ke4 Rxh5 0-1

[Event "SUI-ch U14"]
[Site "St Ursanne"]
[Date "2011.07.02"]
[Round "5"]
[White "Overney, Luca"]
[Black "Joeri, Benjamin"]
[Result "0-1"]
[WhiteElo "1645"]
[BlackElo "1722"]
[PlyCount "75"]
[EventDate "2011.06.30"]
[EventType "swiss"]
[EventRounds "7"]
[EventCountry "SUI"]
[SourceTitle "EXT 2012"]
[Source "ChessBase"]
[SourceDate "2011.11.24"]
[SourceVersion "1"]
[SourceVersionDate "2011.11.24"]
[SourceQuality "1"]

1. d4 d5 2. c4 e6 3. Nc3 Nf6 4. cxd5 exd5 5. Bg5 Be7 6. e3 a6 7. Bd3 Nbd7 8. Nge2 c5 9. b3 b5 10. 0-0 c4 11. bxc4 dxc4 12. Bc2 b4 13. Ne4 Nxe4 14. Bxe4 Rb8 15. Bf4 Rb6 16. Qc2 Nf6 17. Bf3 c3 18. e4 0-0 19. Be3 Ng4 20. Bxg4 Bxg4 21. f3 Bc8 22. Nf4 Bg5 23. Qd3 Bxf4 24. Bxf4 Bd7 25. Qc2 Bb5 26. Rfd1 Qd7 27. Qf2 Ba4 28. d5 c2 29. Rd2 Rb5 30. Qg3 Qa7+ 31. Kf1 Rc8 32. Rc1 b3 33. axb3 Rxb3 34. Rdxc2 Rxc2 35. Rxc2 Bb5+ 36. Ke1 Qg1+ 37. Kd2 Rd3+ 38. Ke2 0-1

[Event "SUI-ch U14"]
[Site "St Ursanne"]
[Date "2011.07.01"]
[Round "3"]
[White "Duruz, Noe"]
[Black "Joeri, Benjamin"]
[Result "1-0"]
[WhiteElo "1777"]
[BlackElo "1722"]
[PlyCount "69"]
[EventDate "2011.06.30"]
[EventType "swiss"]
[EventRounds "7"]
[EventCountry "SUI"]
[SourceTitle "EXT 2012"]
[Source "ChessBase"]
[SourceDate "2011.11.24"]
[SourceVersion "1"]
[SourceVersionDate "2011.11.24"]
[SourceQuality "1"]

1. e4 c5 2. Nf3 Nc6 3. Bb5 a6 4. Bxc6 bxc6 5. d3 d5 6. h3 dxe4 7. dxe4 Qxd1+ 8. Kxd1 Nf6 9. Nc3 e6 10. Bf4 Be7 11. Ke2 0-0 12. Rhd1 Bb7 13. Bd6 Bxd6 14. Rxd6 Rfd8 15. Rad1 Rxd6 16. Rxd6 Rc8 17. Ne5 Kf8 18. Nc4 Ke7 19. e5 Nd5 20. Ne4 Nb4 21. Nxc5 Rc7 22. Kd2 Bc8 23. c3 Nd5 24. g3 f6 25. f4 h6 26. h4 fxe5 27. fxe5 g6 28. Ke2 Ke8 29. Nxe6 Bxe6 30. Rxe6+ Kf7 31. Rd6 Ne7 32. g4 h5 33. gxh5 gxh5 34. Rh6 Nf5 35. Rf6+ 1-0

[Event "SUI-ch U14"]
[Site "St Ursanne"]
[Date "2011.07.01"]
[Round "4"]
[White "Joeri, Benjamin"]
[Black "Wolfensberger, Matthias"]
[Result "0-1"]
[WhiteElo "1722"]
[BlackElo "1674"]
[PlyCount "104"]
[EventDate "2011.06.30"]
[EventType "swiss"]
[EventRounds "7"]
[EventCountry "SUI"]
[SourceTitle "EXT 2012"]
[Source "ChessBase"]
[SourceDate "2011.11.24"]
[SourceVersion "1"]
[SourceVersionDate "2011.11.24"]
[SourceQuality "1"]

1. e4 c5 2. Nf3 Nc6 3. d4 cxd4 4. Nxd4 g6 5. Nc3 Bg7 6. Be3 Nf6 7. Bb5 0-0 8. 0-0 a6 9. Ba4 b5 10. Bb3 Bb7 11. Nxc6 Bxc6 12. Bd5 b4 13. Bxc6 dxc6 14. Qxd8 Rfxd8 15. e5 bxc3 16. exf6 Bxf6 17. b3 Rd5 18. Rad1 Rad8 19. Rxd5 cxd5 20. Rd1 d4 21. Kf1 e5 22. Bc1 Be7 23. Ke2 f5 24. f4 e4 25. g3 Kf7 26. h3 Ke6 27. g4 h6 28. gxf5+ Kxf5 29. a3 a5 30. a4 Rd7 31. Be3 Bc5 32. h4 h5 33. Ke1 Rd5 34. Ke2 Ke6 35. Bc1 Be7 36. Rg1 Kf5 37. Rh1 d3+ 38. cxd3 exd3+ 39. Kd1 c2+ 40. Kd2 Bb4+ 41. Ke3 d2 42. Bxd2 Bxd2+ 43. Ke2 c1Q 44. Rxc1 Bxc1 45. b4 axb4 46. a5 b3 47. a6 b2 48. a7 b1Q 49. a8Q Qe4+ 50. Kf2 Rd2+ 51. Kg3 Qxf4+ 52. Kh3 Rh2# 0-1

[Event "SUI-ch U12"]
[Site "Belp"]
[Date "2010.07.02"]
[Round "3"]
[White "Joeri, Benjamin"]
[Black "Naegelin, Luis"]
[Result "1-0"]
[WhiteElo "1533"]
[BlackElo "1535"]
[PlyCount "125"]
[EventDate "2010.06.29"]
[EventType "swiss"]
[EventRounds "7"]
[EventCountry "SUI"]
[SourceTitle "EXT 2012"]
[Source "ChessBase"]
[SourceDate "2011.11.24"]
[SourceVersion "1"]
[SourceVersionDate "2011.11.24"]
[SourceQuality "1"]

1. e4 e5 2. Nf3 Nc6 3. Bc4 Bc5 4. Nc3 d6 5. h3 Nf6 6. d3 h6 7. Ne2 d5 8. exd5 Nxd5 9. Bb5 Bd6 10. Ng3 Qe7 11. Bxc6+ bxc6 12. Ne4 0-0 13. 0-0 Bf5 14. c3 Bxe4 15. dxe4 Nf6 16. Qe2 Bc5 17. Be3 Bxe3 18. Qxe3 Qd6 19. Rfd1 Qe6 20. b3 a5 21. Nh4 Rad8 22. Nf5 Rd7 23. Rxd7 Nxd7 24. Qg3 Qf6 25. Rd1 Nc5 26. Qg4 Qg5 27. Qxg5 hxg5 28. Ne7+ Kh8 29. Nxc6 Nxe4 30. Nxe5 Nxc3 31. Rd7 f6 32. Ng6+ Kg8 33. Nxf8 Kxf8 34. Rxc7 Nxa2 35. Ra7 Nc3 36. Rxa5 Ke7 37. Rc5 Na2 38. Rc7+ Ke6 39. Rxg7 Nc3 40. b4 Kd5 41. Rf7 Ne4 42. f3 Nd6 43. Rxf6 Nb5 44. Rf5+ Kc4 45. Rxg5 Kxb4 46. Rxb5+ Kxb5 47. h4 Kc6 48. h5 Kd7 49. h6 Ke7 50. h7 Kf7 51. h8Q Kg6 52. Qf8 Kh5 53. g3 Kg6 54. Qf4 Kg7 55. Qf5 Kg8 56. Qf6 Kh7 57. Qg5 Kh8 58. Kf2 Kh7 59. Ke3 Kh8 60. Ke4 Kh7 61. Ke5 Kh8 62. Kf6 Kh7 63. Qg7# 1-0